书目信息 |
| 题名: |
千湖之国:芬兰
|
|
| 作者: | 赵长春 , 杜新 著 | |
| 分册: | ||
| 出版信息: | 北京 时事出版社 1997.12 |
|
| 页数: | 392页 | |
| 开本: | 32开 | |
| 丛书名: | ||
| 单 册: | ||
| 中图分类: | K953.1 | |
| 科图分类: | ||
| 主题词: | 地理 | |
| 电子资源: | ||
| ISBN: | 7-80009-486-3 | |
| 000 | 00570nam0 2200205 45 | |
| 001 | 0103231129 | |
| 005 | 20010323110442.8 | |
| 010 | @a7-80009-486-3@d25.80元 | |
| 100 | @a20010323d1997 km y0chiy0120 ea | |
| 101 | 0 | @achi |
| 105 | @a z 000yy | |
| 200 | 1 | @a千湖之国:芬兰@AQian Hu Zhi Guo:Fen Lan@f赵长春,杜新著@FZhao Chang Chun,Du Xin Zhu |
| 210 | @a北京@c时事出版社@d1997.12 | |
| 215 | @a392页@d32开 | |
| 606 | 0 | @a地理 |
| 690 | @aK953.1@v3 | |
| 701 | 0 | @a赵长春@4著 |
| 701 | 0 | @a杜新@4著 |
| 801 | @aCN@bPftUser@c20010323 | |
| 905 | @b331565-567@dK953.1@eZH107@f3 | |
| 千湖之国:芬兰/赵长春,杜新著.-北京:时事出版社,1997.12 |
| 392页;32开 |
| ISBN 7-80009-486-3:25.80元 |
| ● |
| 相关链接 |
|
|
|
正题名:千湖之国:芬兰
索取号:K953.1/ZH107
 
预约/预借
| 序号 | 登录号 | 条形码 | 馆藏地/架位号 | 状态 | 备注 |
| 1 | 331565 | 203315652 | 社科库309/309社科库 28排1列6层/ [索取号:K953.1/ZH107] | 在馆 | |
| 2 | 331566 | 203315661 | 社科库309/309社科库 28排1列6层/ [索取号:K953.1/ZH107] | 在馆 | |
| 3 | 331567 | 203315670 | 社科库309/309社科库 28排1列6层/ [索取号:K953.1/ZH107] | 在馆 |